Mathematical elements for computer graphics / (Record no. 7377)
[ view plain ]
| 000 -LEADER | |
|---|---|
| fixed length control field | 00477cam a2200181ua 4500 |
| 020 ## - INTERNATIONAL STANDARD BOOK NUMBER | |
| ISBN | 0-07-053530-2 |
| 041 ## - LANGUAGE CODE | |
| Language code of text/sound track or separate title | eng |
| 082 ## - DEWEY DECIMAL CLASSIFICATION NUMBER | |
| Classification number | 006.6 |
| Item number | ROG/MA |
| 100 ## - MAIN ENTRY--AUTHOR NAME | |
| Personal name | Rogers, David F . |
| 245 ## - TITLE STATEMENT | |
| Title | Mathematical elements for computer graphics / |
| 250 ## - EDITION STATEMENT | |
| Edition statement | 2 / |
| 260 ## - PUBLICATION, DISTRIBUTION, ETC. (IMPRINT) | |
| Place of publication | New York : |
| Name of publisher | McGraw Hill Book Company , |
| Year of publication | 1990. |
| 300 ## - PHYSICAL DESCRIPTION | |
| Number of Pages | 611 ; . |
| 700 1# - ADDED ENTRY--PERSONAL NAME | |
| Personal name | Alan Adams, J . |
| 942 ## - ADDED ENTRY ELEMENTS (KOHA) | |
| Koha item type | Books |
| Withdrawn status | Lost status | Damaged status | Home library | Current library | Date acquired | Full call number | Accession Number | Koha item type |
|---|---|---|---|---|---|---|---|---|
| KAUAET | KAUAET | 07/04/2012 | 006.6 | 18005 | Books |
